00502nam a2200193 a 4500001001300000003000900013005001700022008004100039020001200080082001600092100001700108245006000125260003800185300000900223500003500232505000800267650001600275700001700291nice12345678IN_TiNIC20260116011530.0050524s1964 hara grp 000 0 eng  ac117.500a922.97bRAH aRahbar, Daud aTributes to the Late Professor Muhammad Iqbal 1894-1948 aHartfordbHartford Seminaryc1964 a116p aincludes index and biblioraphy2 aIll aKarma-Marga1 aRahbar, Daud